Heidegger in Riga

Titel: Heidegger in Riga : biographische Skizze und Anmerkungen zu Heideggers Herder-Rezeption / Raivis Bičevskis
Verfasser:
In: Triangulum, Band 22 (2016), Seite 29-44
alle Artikel anzeigen
Veröffentlicht: 2017
Format: Aufsatz
Sprache: Deutsch
Schlagworte:
Kein Bild verfügbar
X
alg: 42773109
001A    $04504:22-03-18 
001B    $01999:23-07-19 $t17:37:55.000 
001C    $04504:22-03-18 $t18:27:00.000 
001D    $04504:22-03-18 
001U    $0utf8 
001X    $00 
002@    $0Aou 
002C    $aText $btxt $2rdacontent 
002D    $aohne Hilfsmittel zu benutzen $bn $2rdamedia 
002E    $aBand $bnc $2rdacarrier 
003@    $0427731097 
007A    $0427731097 $aHEB 
010@    $ager 
010E    $erda 
011@    $a2017 
021A    $aHeidegger in Riga $dbiographische Skizze und Anmerkungen zu Heideggers Herder-Rezeption $hRaivis Bičevskis 
028A    $BVerfasser $#Bičevskis, R. $4aut $7143221124 $8Bičevskis, Raivis$Z1973- [Tp3] $9230121098 
031A    $d22 $h29-44 $j2016 
039B    $aEnthalten in $8--Abvc--. Triangulum. - Vilnius : Vilnius Academy of Fine Arts Press, 1994-2018. - ISSN 1406-2755 $x201600000220000971 $9048660574 
044K    $#Хердер, Јохан Готфрид $#Herder, J. G. $#Herder, J. G. von $#Heerde, J. G. $#Herder, Joh. Gottfried $#Herder, Joh. Ge. von $#Herder, Johan Gotfrid $#Herder, Gottfried $#Herder, Johann Gottfried $#Herder $#Herder, John Godfrey $#Herder, Giovanni Goffredo $#Herder, Yôhan Gôtfrîd fôn $#Herder, Juan Godofredo de $#Gerder, Jogann Gotfrid $#Gerder, Iogann Gotfrid $#Gerder, Iogann G. $#Gerder, I. G. $#Gerder $#Herder, Johann Gottfried $#Herder, Johann $#Herder, Joh. Gottfr. $#Herder, J. J. $#Herder, M. J. J. $#Heerder $#Herder, Joannus Godofredus $#Herderus, Joannus Godofredus $#Hearde, J. G. $#Von Herder, Johann Gottfried $#Herder, Johann George $#Herder, I. G. v. $#Herder, Joh. Gottfr. von $#Herder, Johann $#Гердер, Иоганн Готфрид $#Гердер, И. Г. $#הרדר, יוהאן גוטפריד $#约翰·哥特弗里特·赫尔德 $#ヨハン・ゴットフリート・フォン・ヘルダー $#赫尔德, 约翰·哥特弗里特 $#ヘルダー, ヨハン ゴットフリート フォン $7118549553 $8Herder, Johann Gottfried$cvon$Z1744-1803 [Tp1] $9086890581 
044K    $RAuswirkung $RFortleben $#Influence (Literary, artistic, etc.) $#Influence littéraire, artistique, etc. $#Fortwirken $#Nachwirkung Rezeption $#Nachleben $#Wirkungsgeschichte $#Aneignung Rezeption $74049716-1 $8Rezeption [Tsz] $9085138584 
044K    $#Heidegger, Martin $#Heidegger, Martin $#هيدگر, مارتين $#هایدگر, مارتین $#היידגר, מרטין $#マルティン・ハイデッガー $#海德格尔, 马丁 $#ھېيدېگېر $#Haidege, Mading $#Heidegger, M. $#Haidegga $#Haidegger, Martin $#Chajdegger, M. $#Chajdeger, Martin $#Haideggā $#Heidegeris, Martynas $#Heidegers, Martins $#Haidege'er, M. $#Haidege'er $#Haidegeri, Martin $#Chaintenger, Martin $#Chaïntenger, Martin $#Haidegŏ, Marŭt'in $#Haidege'er, Mading $#Mading-Heidege'er $#Mading-Haidege $#Haidegŏ, M. $#Haidigir, Mārtīn $#Haidetugā, Marutein $#Hāydigir, Mārtīn $#Haidiǧir, Mārtin $#Haidiġir, Mārtin $#Haideggā, Marutein $#Haidegā, Marutein $#Haideggā, Marutin $#Haydiger, Marṭin $#Haidegā, M. $#Hajdegger, Martin $#Ma ding Hai de ge er $#Mading-Haidegeer $#Haidegeer, Mading $#Hai de ge er $#Haidegeer $#Ma leu tin Ha i de geo $#Maleutin-Haidegeo $#Haidegeo, Maleutin $#Heydeger $#Hajdeger, Martin $#Chajdegger, Martin $#Haideggā $#Heidegger $#海德格尔, 马丁 $#ハイデッガー, マルティン $#ハイデガー, マルティン $#하이데거, 미르틴 $7118547798 $8Heidegger, Martin$Z1889-1976 [Tp1] $908688882X 
044K    $#Riga $#Rīga $#Ryga $#Riega $#Riga in Lieffland $#Rigae Livonum $#Rygae $#Righa $74050042-1 $8Riga [Tg1] $9085139726 
045T    $a7,20 
045T    $aLING $qDE-30 $2FID 
045T    $aGER $qDE-30 $2FID 
045V    $aHeidegger, Martin $801.08.00$jZu einzelnen Germanisten, Literaturtheoretikern und Essayisten [Tkx] $9118843184 
045V    $aHerder, Johann Gottfried von $812.13.00$jZu einzelnen Autoren [Tkx] $9118843583 

lok: 42773109 62

exp: 42773109 62 1 #EPN
201B/01 $022-03-18 $t22:14:08.000 
203@/01 $01020111879 
208@/01 $a22-03-18 $be 
209A/01 $a/ $f000 $x00 
209B/01 $a2018 $x05 
247C/01 $8Frankfurt, Bibliographie der Deutschen Sprach- und Literaturwissenschaft $9113214561 
201U/01 $0utf8 

lok: 42773109 78

exp: 42773109 78 1 #EPN
201B/01 $029-06-18 $t11:04:39.000 
201C/01 $029-06-18 
201U/01 $0utf8 
203@/01 $01023977451 
208@/01 $a29-06-18 $be 
209A/01 $a/ $f000 $x00 
209A/01 $ab*p $x01 
220C/01 $aeja 
244Z/01 $#Lettland $#Lettland $#Latvija $#Latvijas Republika $#Lettische Republik $#Lettische SSR $#Latvijskaja SSR $74074187-4 $8--Tg1--Lettland $x08 $9085208876 
247C/01 $82080>Marburg/Lahn, Herder-Institut, Forschungsbibliothek, Bibliographieportal $9336309341
LEADER 00000caa a2200000 c 4500
001 427731097
003 DE-603
005 20190723173755.0
007 tu
008 180322s2017 xx |||| | u00||u|ger c
035 |a (DE-599)HEB427731097 
040 |a DE-603  |b ger  |c DE-603  |d DE-603  |e rda 
041 |a ger 
084 |a 7,20  |2 ssgn 
084 |a LING  |q DE-30  |2 fid 
084 |a GER  |q DE-30  |2 fid 
100 1 |a Bičevskis, Raivis  |d 1973-  |e Verfasser  |4 aut  |0 (DE-603)230121098  |0 (DE-588)143221124  |2 gnd 
245 0 0 |a Heidegger in Riga  |b biographische Skizze und Anmerkungen zu Heideggers Herder-Rezeption  |c Raivis Bičevskis 
264 0 |c 2017 
336 |a Text  |b txt  |2 rdacontent 
337 |a ohne Hilfsmittel zu benutzen  |b n  |2 rdamedia 
338 |a Band  |b nc  |2 rdacarrier 
600 1 7 |a Herder, Johann Gottfried von  |d 1744-1803  |0 (DE-588)118549553  |0 (DE-603)086890581  |2 gnd 
600 1 7 |a Heidegger, Martin  |d 1889-1976  |0 (DE-588)118547798  |0 (DE-603)08688882X  |2 gnd 
650 7 |a Rezeption  |0 (DE-588)4049716-1  |0 (DE-603)085138584  |2 gnd 
651 7 |a Riga  |0 (DE-588)4050042-1  |0 (DE-603)085139726  |2 gnd 
773 0 8 |i Enthalten in  |t Triangulum  |d Vilnius : Vilnius Academy of Fine Arts Press, 1994-2018  |x 1406-2755  |g Band 22 (2016), Seite 29-44  |w (DE-603)048660574  |w (DE-600)1237351-5 
924 0 |9 603  |a (DE-603)1020111879  |b DE-603  |c HES  |d d 
924 0 |9 2080  |a (DE-603)1023977451  |b DE-2080  |c HES  |d d  |g /